| 000 | 00886cam a2200265 4500 | ||
|---|---|---|---|
| 008 | 090401t1991 xxu||||| |||| 00| 0 eng d | ||
| 020 | _a0906182557 | ||
| 035 | _a(Sirsi) u18955 | ||
| 041 | _aeng | ||
| 050 | _a690.24 | ||
| 110 |
_aBuilding Maintenance Information Ltd _92307 |
||
| 245 | _aOccupancy cost trends: BMI indices 1970-1990 | ||
| 260 |
_aKingston upon Thames _bBuilding Maintenance Information Ltd _c1991 |
||
| 300 | _a8p. ; 30cm. | ||
| 350 | _a7.5 | ||
| 490 |
_aSerial _v197 |
||
| 520 | _aThis item is part of a subscription service and cannot be photocopied, neither can any part of it be read out over the phone. Please contact BMI direct for details. | ||
| 650 | _aBMI | ||
| 650 | _aCLEANING COST INDICES | ||
| 650 | _aENERGY COST INDICES | ||
| 650 | _aMAINTENANCE COST INDICES | ||
| 650 | _aOCCUPANCY COST INDICES | ||
| 942 | _n0 | ||
| 948 | _c04/03/1997 | ||
| 999 |
_c87638 _d87638 |
||